LEADER 01052nam--2200361---450- 001 990000416380203316 005 20051124112334.0 035 $a0041638 035 $aUSA010041638 035 $a(ALEPH)000041638USA01 035 $a0041638 100 $a20010424d1993----km-y0itay0103----ba 101 $aita 102 $aIT 105 $a||||||||001yy 200 1 $aAttraverso gli Alburni$eguida storico-artistica dei comuni del versante settentrionale 210 $aSalerno$cP. Laveglia$d1993 215 $a110 p$cill.$d21 cm 225 2 $aGuide$v1 410 $12001$aGuide$v1 676 $a914.57404 801 0$aIT$bsalbc$gISBD 912 $a990000416380203316 951 $aXV.1.A. 746(V G 736)$b131966 LM$cV G 959 $aBK 969 $aLOCALE 979 $aPATTY$b90$c20010424$lUSA01$h1738 979 $aPATTY$b90$c20011109$lUSA01$h1208 979 $c20020403$lUSA01$h1649 979 $aPATRY$b90$c20040406$lUSA01$h1629 979 $aCOPAT1$b90$c20051124$lUSA01$h1123 996 $aAttraverso gli Alburni$9741718 997 $aUNISA LEADER 01870nas 2200565-a 450 001 996336163003316 005 20230222213018.0 011 $a1999-1029 035 $a(DE-599)ZDB2316776-2 035 $a(OCoLC)608408707 035 $a(CKB)1000000000390056 035 $a(CONSER)--2010262059 035 $a(EXLCZ)991000000000390056 100 $a20100420a20029999 -f- - 101 0 $aeng 135 $aurbn||||||abp 135 $aurbn||||||ada 181 $ctxt$2rdacontent 182 $cc$2rdamedia 183 $acr$2rdacarrier 200 00$aAfrican economic outlook 210 $aParis, France $cAfrican Development Bank $cDevelopment Centre of the Organisation for Economic Co-operation and Development$dİ2002- 311 $a1995-3909 517 1 $aAfrican economic outlook, overview 606 $aEconomic history$2fast$3(OCoLC)fst00901974 606 $aEconomic policy$2fast$3(OCoLC)fst00902025 606 $aWirtschaftsentwicklung$2gnd 606 $aEconomische situatie$2gtt 606 $aWirtschaftslage$2stw 606 $aAfrika$2stw 607 $aAfrica$xEconomic conditions$y1960-$vPeriodicals 607 $aAfrica$xEconomic policy$vPeriodicals 607 $aAfrica$xEconomic conditions$y1960-$vStatistics$vPeriodicals 607 $aAfrica$2fast 607 $aAfrika$2gnd 608 $aPeriodicals.$2fast 608 $aStatistics.$2fast 608 $aStatistik.$2swd 615 7$aEconomic history. 615 7$aEconomic policy. 615 7$aWirtschaftsentwicklung 615 17$aEconomische situatie. 615 7$aWirtschaftslage. 615 7$aAfrika. 712 02$aAfrican Development Bank. 712 02$aOrganisation for Economic Co-operation and Development.$bDevelopment Centre. 906 $aJOURNAL 912 $a996336163003316 996 $aAfrican economic outlook$91093034 997 $aUNISA